| 000 | 02197nam0a2200385 4500 | ||
|---|---|---|---|
| 001 | RU\NLR\BIBL_A\012849978 | ||
| 005 | 20221005100237.0 | ||
| 010 |
_a978-5-00025-245-1 _9100 |
||
| 021 |
_aRU _bКН-П-22-029195 _9КН-П-22-2498 |
||
| 035 | _a(NLR Aleph) 012849978 | ||
| 035 | _a(RuMoRGB)011065231 | ||
| 090 |
_a12424218 _c12424218 |
||
| 100 | _a20220719d2021 u y0rusy50 ca | ||
| 101 | 0 | _arus | |
| 102 | _aRU | ||
| 105 | _ay z 000gy | ||
| 181 | 0 |
_ai _baxxe |
|
| 182 | 0 | _an | |
| 200 | 1 |
_aГолубой свет _e[стихи] _fНика Кольт |
|
| 203 |
_aТекст _bвизуальный _cнепосредственный |
||
| 210 |
_aСанкт-Петербург _cСкифия _d2021 |
||
| 215 |
_a98, [1] с. _d22 |
||
| 300 | _aНа 4-й с. обл. авт.: Ника Кольт - Екатекрина Борисовна Белоусова | ||
| 327 | 1 | _aСодерж.: циклы: "Осколки мечты" (2010-2011); "Вселенная" (2000-2003); "Танго вокруг любви" (2011-2013); "Босая Россия" (2001-2002); "Штормовая душа" (2013-2015); "Бездна" (1196-1999); "Душа России" (1998); "Глубой свет" (1999); "Смерть детства"; "Путь" (2006); "Невестина тропа" (2005) | |
| 330 | _aПоэзия Ники Кольт - это разговор души с ангелами. Стихи мелодичны, как песня или медитация. Автор определяет их как молитвы. Это откровенный разговор с собой, заставляющий задуматься и взглянуть в самые потаенные глубины своей души, задать ей важные вопросы и, возможно, получить на них ответы | ||
| 333 | _a12+ | ||
| 675 |
_a821.161.1-1 _v4 |
||
| 686 | 2 | _aШ6(2=Р)6-5 | |
| 700 | 1 |
_aКольт _bН. _f1983- _gНика _3RU\NLR\AUTH\770247134 |
|
| 942 | _cBOOK | ||
| 980 | _aNB | ||